• 首页
  • 本馆介绍
  • 公告通知
  • 最新文献
  • 馆藏检索
  • 电子资源
  • 读者荐购
  • 参考咨询
  • CALIS
  • 我的图书馆
  • 登录
  • 详细信息显示
  • 放入我的书架
  • 预约/预借图书
  • 作者相关作品
  • 分类相关作品
  • 丛书相关作品
  • 出版社相关作品

书目信息

  • 表格格式
  • 工作单格式
  • 卡片格式
题名:
中国国际河流
    
 
作者: 何大明 编著
分册:  
出版信息: 北京   科学出版社  2000.06
页数: 209页
开本: 16开
丛书名:
单 册:
中图分类: K928.42
科图分类:
主题词: 地理--中国
电子资源:
ISBN: 7-03-008199-4
 
 
 
 
 
000 00550nam0 2200193 45
001 0010041946
005 20001213163213.4
010    @a7-03-008199-4@d30.00元
100    @a20001004d2000 km y0chiy0120 ea
101 0  @achi
105    @a z 000yy
200 1  @a中国国际河流@AZhong Guo Guo Ji He Liu@f何大明等编著@FHe Da Ming Deng Bian Zhu
210    @a北京@c科学出版社@d2000.06
215    @a209页@d16开
606 0  @a地理@x中国
690    @aK928.42@v3
701  0 @a何大明@4编著
801    @aCN@bPftUser@c20001004
905    @dK928.42@eH524@b312719-721@f3
    
    中国国际河流/何大明等编著.-北京:科学出版社,2000.06
    209页;16开
    
    
    ISBN 7-03-008199-4:30.00元
    
●
相关链接 在E读中查询图书 在当当中查询图书 在豆瓣中查询图书


正题名:中国国际河流     索取号:K928.42/H524         预约/预借

序号 登录号 条形码 馆藏地/架位号 状态 备注
1 312719   203127197   自科二线404/400A自科库 16排1列6层/ [索取号:K928.42/H524] 在馆    
2 312720   203127204   自科二线404/400A自科库 16排1列6层/ [索取号:K928.42/H524] 在馆    
3 312721   203127213   社科库309/309社科库 16排1列4层/ [索取号:K928.42/H524] 在馆    
河南城建学院图书馆 欢迎您!
大连网信软件有限公司© 版权所有